[Event "Deutsche Ländermeisterschaft 2017"]
[Site "Hannover GER"]
[Date "2017.10.02"]
[Round "4"]
[White "Boes, Julian"]
[Black "Syrov, Arkadi"]
[Result "1/2-1/2"]
[Termination "normal"]
[Board "6.2"]
[WhiteElo "2067"]
[BlackElo "2280"]
[WhiteClock "00:22:46"]
[BlackClock "00:16:00"]
[WhiteTeam "Baden 2"]
[BlackTeam "Rheinland-Pfalz"]
[PlyCount "61"]
[WhiteFideId "12907723"]
[BlackFideId "12942448"]
[EventCountry "GER"]
[EventRounds "7"]
[EventType "team-swiss"]
[EventDate "2017.09.29"]

1. e4 {[%clk 1:30:58]} e5 {[%clk 1:30:55]} 2. Nf3 {[%clk 1:31:23]} Nc6 {[%clk
1:31:24]} 3. Bb5 {[%clk 1:31:45]} f5 {[%clk 1:31:49]} 4. d3 {[%clk 1:31:54]}
fxe4 {[%clk 1:32:14]} 5. dxe4 {[%clk 1:32:18]} Nf6 {[%clk 1:32:40]} 6. O-O
{[%clk 1:32:35]} Bc5 {[%clk 1:33:06]} 7. Qd3 {[%clk 1:32:00]} d6 {[%clk
1:33:25]} 8. Qc4 {[%clk 1:31:35]} Qe7 {[%clk 1:33:50]} 9. Nc3 {[%clk 1:31:17]}
Bd7 {[%clk 1:34:14]} 10. Nd5 {[%clk 1:31:11]} Nxd5 {[%clk 1:34:39]} 11. exd5
{[%clk 1:31:35]} Nd4 {[%clk 1:35:05]} 12. Bxd7+ {[%clk 1:31:54]} Qxd7 {[%clk
1:35:31]} 13. Nxd4 {[%clk 1:32:07]} Bxd4 {[%clk 1:35:56]} 14. a4 {[%clk
1:32:28]} a6 {[%clk 1:36:22]} 15. Be3 {[%clk 1:32:42]} Bxe3 {[%clk 1:36:48]}
16. fxe3 {[%clk 1:33:05]} O-O-O {[%clk 1:37:13]} 17. Rf2 {[%clk 1:33:12]} Rdf8
{[%clk 1:37:38]} 18. Raf1 {[%clk 1:33:27]} Qe7 {[%clk 1:38:03]} 19. Qg4+ {[%clk
1:33:43]} Kb8 {[%clk 1:38:28]} 20. Qh5 {[%clk 1:33:48]} Rxf2 {[%clk 1:34:06]}
21. Rxf2 {[%clk 1:33:58]} h6 {[%clk 1:26:30]} 22. g3 {[%clk 1:09:24]} Rf8
{[%clk 1:10:59]} 23. Rf5 {[%clk 1:06:22]} Rxf5 {[%clk 1:06:44]} 24. Qxf5 {[%clk
1:06:24]} Qe8 {[%clk 1:07:06]} 25. b3 {[%clk 1:05:04]} b5 {[%clk 0:50:21]} 26.
Qd3 {[%clk 0:52:21]} Kb7 {[%clk 0:50:14]} 27. axb5 {[%clk 0:46:02]} Qxb5 {[%clk
0:41:09]} 28. Qxb5+ {[%clk 0:26:24]} axb5 {[%clk 0:41:36]} 29. e4 {[%clk
0:24:55]} Kb6 {[%clk 0:15:42]} 30. b4 {[%clk 0:23:55]} g5 {[%clk 0:16:00]} 31.
g4 {[%clk 0:22:46]} 1/2-1/2

[Event "Deutsche Ländermeisterschaft 2017"]
[Site "Hannover GER"]
[Date "2017.10.02"]
[Round "4"]
[White "Ronge, Tim Hendrik"]
[Black "Hund, Sarah"]
[Result "1-0"]
[Termination "normal"]
[Board "6.3"]
[WhiteElo "2125"]
[BlackElo "2005"]
[WhiteClock "00:43:46"]
[BlackClock "00:29:32"]
[WhiteTeam "Rheinland-Pfalz"]
[BlackTeam "Baden 2"]
[PlyCount "85"]
[WhiteFideId "12955418"]
[BlackFideId "12923338"]
[EventCountry "GER"]
[EventRounds "7"]
[EventType "team-swiss"]
[EventDate "2017.09.29"]

1. d4 {[%clk 1:30:59]} Nf6 {[%clk 1:30:54]} 2. c4 {[%clk 1:31:24]} e6 {[%clk
1:31:17]} 3. Nc3 {[%clk 1:31:41]} Bb4 {[%clk 1:31:35]} 4. e3 {[%clk 1:32:05]}
c5 {[%clk 1:31:43]} 5. Bd3 {[%clk 1:32:30]} Nc6 {[%clk 1:30:54]} 6. Nf3 {[%clk
1:32:46]} d6 {[%clk 1:30:16]} 7. O-O {[%clk 1:33:07]} O-O {[%clk 1:30:07]} 8.
a3 {[%clk 1:30:16]} Ba5 {[%clk 1:28:51]} 9. Rb1 {[%clk 1:29:14]} Bc7 {[%clk
1:20:59]} 10. d5 {[%clk 1:26:18]} Ne5 {[%clk 1:18:32]} 11. Nxe5 {[%clk
1:23:23]} dxe5 {[%clk 1:18:51]} 12. e4 {[%clk 1:23:29]} Re8 {[%clk 1:15:24]}
13. Be3 {[%clk 1:21:18]} Bd6 {[%clk 1:13:55]} 14. b4 {[%clk 1:21:27]} b6 {[%clk
1:12:37]} 15. f3 {[%clk 1:19:52]} Be7 {[%clk 1:07:54]} 16. f4 {[%clk 1:13:56]}
cxb4 {[%clk 0:59:22]} 17. axb4 {[%clk 1:13:51]} exd5 {[%clk 0:58:51]} 18. fxe5
{[%clk 1:08:21]} d4 {[%clk 0:52:07]} 19. exf6 {[%clk 1:05:50]} Bxf6 {[%clk
0:52:06]} 20. e5 {[%clk 1:05:30]} Bxe5 {[%clk 0:48:34]} 21. Bxh7+ {[%clk
1:05:35]} Kxh7 {[%clk 0:45:36]} 22. Qh5+ {[%clk 1:05:56]} Kg8 {[%clk 0:45:58]}
23. Qxf7+ {[%clk 1:06:22]} Kh8 {[%clk 0:46:03]} 24. Qh5+ {[%clk 0:58:12]} Kg8
{[%clk 0:43:36]} 25. Bg5 {[%clk 0:58:27]} Qd7 {[%clk 0:42:24]} 26. Nd5 {[%clk
0:55:19]} Bb7 {[%clk 0:40:45]} 27. Rf8+ {[%clk 0:52:31]} Rxf8 {[%clk 0:40:06]}
28. Ne7+ {[%clk 0:52:57]} Qxe7 {[%clk 0:40:21]} 29. Bxe7 {[%clk 0:53:24]} Rf7
{[%clk 0:40:24]} 30. Qxe5 {[%clk 0:53:32]} Re8 {[%clk 0:40:46]} 31. Qxd4 {[%clk
0:51:40]} Rfxe7 {[%clk 0:40:44]} 32. c5 {[%clk 0:49:40]} Re2 {[%clk 0:36:58]}
33. c6 {[%clk 0:50:04]} Bc8 {[%clk 0:36:44]} 34. Rf1 {[%clk 0:49:21]} Rc2
{[%clk 0:35:54]} 35. Qd5+ {[%clk 0:48:05]} Be6 {[%clk 0:35:21]} 36. Qe4 {[%clk
0:48:29]} Rc4 {[%clk 0:34:41]} 37. Qg6 {[%clk 0:48:09]} Re7 {[%clk 0:33:52]}
38. b5 {[%clk 0:48:03]} Rg4 {[%clk 0:32:52]} 39. Qd3 {[%clk 0:46:39]} Re8
{[%clk 0:31:35]} 40. Re1 {[%clk 0:46:22]} Rf4 {[%clk 0:31:11]} 41. c7 {[%clk
0:44:57]} Kf7 {[%clk 0:30:44]} 42. g3 {[%clk 0:43:30]} Rf6 {[%clk 0:29:32]} 43.
Qd8 {[%clk 0:43:46]} 1-0

[Event "Deutsche Ländermeisterschaft 2017"]
[Site "Hannover GER"]
[Date "2017.10.02"]
[Round "4"]
[White "Wiesner, Alexander"]
[Black "Yankelevich, Michael"]
[Result "0-1"]
[Termination "normal"]
[Board "6.4"]
[WhiteElo "1935"]
[BlackElo "1919"]
[WhiteClock "00:23:12"]
[BlackClock "01:55:17"]
[WhiteTeam "Baden 2"]
[BlackTeam "Rheinland-Pfalz"]
[PlyCount "110"]
[WhiteFideId "12943991"]
[BlackFideId "12921440"]
[EventCountry "GER"]
[EventRounds "7"]
[EventType "team-swiss"]
[EventDate "2017.09.29"]

1. e4 {[%clk 1:30:52]} d5 {[%clk 1:30:56]} 2. exd5 {[%clk 1:31:07]} Qxd5 {[%clk
1:31:16]} 3. Nc3 {[%clk 1:31:32]} Qd6 {[%clk 1:31:39]} 4. d4 {[%clk 1:31:58]}
Nf6 {[%clk 1:31:57]} 5. Nf3 {[%clk 1:31:38]} a6 {[%clk 1:31:24]} 6. Bc4 {[%clk
1:26:20]} b5 {[%clk 1:31:22]} 7. Bb3 {[%clk 1:25:52]} Bb7 {[%clk 1:30:54]} 8.
O-O {[%clk 1:05:32]} e6 {[%clk 1:29:24]} 9. Re1 {[%clk 0:54:33]} Be7 {[%clk
1:26:07]} 10. Ne5 {[%clk 0:48:02]} Nbd7 {[%clk 1:25:15]} 11. Bf4 {[%clk
0:45:00]} Nxe5 {[%clk 1:23:08]} 12. Bxe5 {[%clk 0:42:03]} Qd7 {[%clk 1:20:59]}
13. d5 {[%clk 0:27:31]} O-O-O {[%clk 1:18:20]} 14. dxe6 {[%clk 0:20:15]} Qc6
{[%clk 1:18:36]} 15. Qf3 {[%clk 0:20:35]} Qb6 {[%clk 1:18:05]} 16. Qh3 {[%clk
0:17:46]} fxe6 {[%clk 1:17:31]} 17. Qxe6+ {[%clk 0:15:22]} Qxe6 {[%clk
1:17:51]} 18. Bxe6+ {[%clk 0:15:46]} Kb8 {[%clk 1:18:17]} 19. Rad1 {[%clk
0:14:14]} Rxd1 {[%clk 1:17:59]} 20. Rxd1 {[%clk 0:14:34]} Re8 {[%clk 1:18:11]}
21. Bg3 {[%clk 0:10:35]} Bc5 {[%clk 1:17:51]} 22. Bf5 {[%clk 0:09:37]} g6
{[%clk 1:17:33]} 23. Bh3 {[%clk 0:05:54]} Bc6 {[%clk 1:17:31]} 24. Bh4 {[%clk
0:05:25]} Bd4 {[%clk 1:17:31]} 25. Kf1 {[%clk 0:04:17]} Bxc3 {[%clk 1:17:31]}
26. bxc3 {[%clk 0:04:41]} Nd5 {[%clk 1:17:55]} 27. Bd7 {[%clk 0:02:30]} Bxd7
{[%clk 1:18:20]} 28. Rxd5 {[%clk 0:02:55]} Be6 {[%clk 1:18:47]} 29. Rd8+ {[%clk
0:01:21]} Rxd8 {[%clk 1:19:16]} 30. Bxd8 {[%clk 0:01:43]} Bxa2 {[%clk 1:19:43]}
31. Be7 {[%clk 0:01:49]} Kb7 {[%clk 1:19:56]} 32. Ke2 {[%clk 0:01:37]} Bd5
{[%clk 1:19:55]} 33. Ke3 {[%clk 0:00:49]} Bxg2 {[%clk 1:19:49]} 34. Kd4 {[%clk
0:01:08]} Bf1 {[%clk 1:19:31]} 35. Bb4 {[%clk 0:01:11]} Kb6 {[%clk 1:19:48]}
36. Bc5+ {[%clk 0:01:15]} Kc6 {[%clk 1:20:12]} 37. Bb4 {[%clk 0:01:31]} Bc4
{[%clk 1:20:34]} 38. Ke5 {[%clk 0:01:17]} Ba2 {[%clk 1:20:20]} 39. Kd4 {[%clk
0:01:20]} Be6 {[%clk 1:20:44]} 40. Ke5 {[%clk 0:00:53]} Bf5 {[%clk 1:21:09]}
41. Kd4 {[%clk 0:01:18]} Bxc2 {[%clk 1:21:32]} 42. Ke5 {[%clk 0:29:48]} Kb6
{[%clk 1:51:42]} 43. Kd4 {[%clk 0:30:08]} Bb3 {[%clk 1:52:04]} 44. Bc5+ {[%clk
0:30:29]} Kc6 {[%clk 1:51:56]} 45. Bb4 {[%clk 0:30:52]} Be6 {[%clk 1:52:17]}
46. Ke5 {[%clk 0:31:11]} Bf5 {[%clk 1:52:43]} 47. Kd4 {[%clk 0:31:22]} Kb6
{[%clk 1:53:10]} 48. Kd5 {[%clk 0:31:05]} Bg4 {[%clk 1:53:16]} 49. Bc5+ {[%clk
0:29:30]} Ka5 {[%clk 1:53:25]} 50. Kc6 {[%clk 0:29:04]} Ka4 {[%clk 1:53:30]}
51. Kxc7 {[%clk 0:29:22]} a5 {[%clk 1:53:54]} 52. Kb6 {[%clk 0:23:59]} b4
{[%clk 1:54:19]} 53. cxb4 {[%clk 0:24:14]} axb4 {[%clk 1:54:45]} 54. Bd4 {[%clk
0:23:28]} b3 {[%clk 1:54:52]} 55. Kc5 {[%clk 0:23:12]} Ka3 {[%clk 1:55:17]} 0-1

[Event "Deutsche Ländermeisterschaft 2017"]
[Site "Hannover GER"]
[Date "2017.10.02"]
[Round "4"]
[White "Musiolik, David"]
[Black "Wu, Luka"]
[Result "1-0"]
[Termination "normal"]
[Board "6.5"]
[WhiteElo "1952"]
[BlackElo "1902"]
[WhiteClock "00:13:24"]
[BlackClock "00:05:50"]
[WhiteTeam "Rheinland-Pfalz"]
[BlackTeam "Baden 2"]
[PlyCount "105"]
[WhiteFideId "12972355"]
[BlackFideId "12977420"]
[EventCountry "GER"]
[EventRounds "7"]
[EventType "team-swiss"]
[EventDate "2017.09.29"]

1. e4 {[%clk 1:30:56]} c5 {[%clk 1:30:55]} 2. Nf3 {[%clk 1:31:22]} d6 {[%clk
1:31:20]} 3. d4 {[%clk 1:31:47]} cxd4 {[%clk 1:31:46]} 4. Nxd4 {[%clk 1:32:10]}
Nf6 {[%clk 1:32:08]} 5. Nc3 {[%clk 1:32:33]} a6 {[%clk 1:32:35]} 6. Be2 {[%clk
1:32:24]} e5 {[%clk 1:32:58]} 7. Nb3 {[%clk 1:32:34]} Be6 {[%clk 1:33:00]} 8.
O-O {[%clk 1:32:51]} Be7 {[%clk 1:33:24]} 9. f4 {[%clk 1:28:47]} exf4 {[%clk
1:33:33]} 10. Bxf4 {[%clk 1:28:05]} Nc6 {[%clk 1:33:41]} 11. Kh1 {[%clk
1:26:11]} O-O {[%clk 1:33:32]} 12. Qe1 {[%clk 1:15:14]} Ne5 {[%clk 1:32:23]}
13. Qg3 {[%clk 1:14:42]} Qc7 {[%clk 1:32:21]} 14. a4 {[%clk 1:12:30]} Nfd7
{[%clk 1:30:29]} 15. a5 {[%clk 1:08:20]} Nc5 {[%clk 1:22:14]} 16. Nd4 {[%clk
1:04:05]} Ng6 {[%clk 1:15:49]} 17. Nf5 {[%clk 0:58:27]} Rad8 {[%clk 1:08:46]}
18. b4 {[%clk 0:56:46]} Bf6 {[%clk 0:20:27]} 19. Bxd6 {[%clk 0:28:21]} Rxd6
{[%clk 0:20:05]} 20. Qxd6 {[%clk 0:28:14]} Qxd6 {[%clk 0:20:06]} 21. Nxd6
{[%clk 0:28:42]} Bxc3 {[%clk 0:20:30]} 22. bxc5 {[%clk 0:27:17]} Bxa1 {[%clk
0:20:13]} 23. Rxa1 {[%clk 0:27:40]} Nf4 {[%clk 0:20:41]} 24. Bf1 {[%clk
0:26:42]} Bc8 {[%clk 0:20:51]} 25. Bc4 {[%clk 0:25:19]} Be6 {[%clk 0:20:28]}
26. g3 {[%clk 0:21:08]} Ng6 {[%clk 0:13:59]} 27. Bxe6 {[%clk 0:19:05]} fxe6
{[%clk 0:13:46]} 28. Kg2 {[%clk 0:16:38]} Ne5 {[%clk 0:13:20]} 29. Nxb7 {[%clk
0:16:46]} Rc8 {[%clk 0:13:42]} 30. Rb1 {[%clk 0:15:29]} Nd7 {[%clk 0:13:33]}
31. Rb3 {[%clk 0:14:21]} Rc7 {[%clk 0:12:50]} 32. Rc3 {[%clk 0:12:39]} Nb8
{[%clk 0:08:49]} 33. Nd8 {[%clk 0:09:46]} Nc6 {[%clk 0:07:38]} 34. Nxc6 {[%clk
0:09:21]} Rxc6 {[%clk 0:07:56]} 35. e5 {[%clk 0:09:44]} Kf7 {[%clk 0:07:45]}
36. Kf3 {[%clk 0:10:06]} Ke7 {[%clk 0:06:47]} 37. Ke4 {[%clk 0:10:06]} Kd7
{[%clk 0:05:37]} 38. Kd4 {[%clk 0:10:26]} Rc8 {[%clk 0:05:56]} 39. Rb3 {[%clk
0:10:20]} Ra8 {[%clk 0:02:33]} 40. Rb7+ {[%clk 0:10:25]} Kc6 {[%clk 0:02:56]}
41. Rb6+ {[%clk 0:10:40]} Kd7 {[%clk 0:03:20]} 42. Rd6+ {[%clk 0:11:03]} Ke7
{[%clk 0:03:13]} 43. c6 {[%clk 0:11:28]} Rb8 {[%clk 0:03:27]} 44. Rd7+ {[%clk
0:11:46]} Ke8 {[%clk 0:03:48]} 45. Rxg7 {[%clk 0:11:50]} Rd8+ {[%clk 0:03:46]}
46. Rd7 {[%clk 0:12:13]} Rc8 {[%clk 0:04:14]} 47. Kc5 {[%clk 0:12:22]} Rb8
{[%clk 0:04:22]} 48. Rxh7 {[%clk 0:12:34]} Rb1 {[%clk 0:04:27]} 49. c7 {[%clk
0:12:55]} Rb5+ {[%clk 0:04:40]} 50. Kc4 {[%clk 0:12:48]} Rd5 {[%clk 0:04:53]}
51. c8=Q+ {[%clk 0:13:05]} Rd8 {[%clk 0:05:21]} 52. Qxe6+ {[%clk 0:13:24]} Kf8
{[%clk 0:05:50]} 53. Qf7# 1-0

[Event "Deutsche Ländermeisterschaft 2017"]
[Site "Hannover GER"]
[Date "2017.10.02"]
[Round "4"]
[White "Riegel, Arinna"]
[Black "Morio, Estelle"]
[Result "1/2-1/2"]
[Termination "normal"]
[Board "6.6"]
[WhiteElo "1918"]
[BlackElo "1844"]
[WhiteClock "00:18:38"]
[BlackClock "00:09:20"]
[WhiteTeam "Baden 2"]
[BlackTeam "Rheinland-Pfalz"]
[PlyCount "97"]
[WhiteFideId "12931446"]
[BlackFideId "12951951"]
[EventCountry "GER"]
[EventRounds "7"]
[EventType "team-swiss"]
[EventDate "2017.09.29"]

1. d4 {[%clk 1:30:53]} Nf6 {[%clk 1:30:54]} 2. Nf3 {[%clk 1:31:13]} e6 {[%clk
1:31:18]} 3. g3 {[%clk 1:31:34]} d5 {[%clk 1:31:28]} 4. Bg2 {[%clk 1:31:59]} b5
{[%clk 1:31:48]} 5. O-O {[%clk 1:32:04]} Nbd7 {[%clk 1:31:36]} 6. b3 {[%clk
1:28:34]} c5 {[%clk 1:30:35]} 7. c4 {[%clk 1:19:29]} bxc4 {[%clk 1:27:26]} 8.
bxc4 {[%clk 1:19:35]} Nb6 {[%clk 1:23:22]} 9. cxd5 {[%clk 1:14:52]} Nbxd5
{[%clk 1:21:22]} 10. dxc5 {[%clk 0:56:02]} Bxc5 {[%clk 1:14:09]} 11. Bb2 {[%clk
0:55:43]} O-O {[%clk 1:12:45]} 12. Nc3 {[%clk 0:53:26]} Bb7 {[%clk 1:05:11]}
13. Rb1 {[%clk 0:51:03]} Rb8 {[%clk 0:58:16]} 14. Na4 {[%clk 0:50:41]} Bb6
{[%clk 0:45:58]} 15. Nxb6 {[%clk 0:47:40]} Nxb6 {[%clk 0:46:20]} 16. Be5 {[%clk
0:46:50]} Rc8 {[%clk 0:45:55]} 17. Qxd8 {[%clk 0:29:16]} Rfxd8 {[%clk 0:46:02]}
18. e3 {[%clk 0:28:48]} Bd5 {[%clk 0:43:59]} 19. Rfc1 {[%clk 0:05:30]} Bxa2
{[%clk 0:41:02]} 20. Rxc8 {[%clk 0:05:15]} Rxc8 {[%clk 0:41:27]} 21. Ra1 {[%clk
0:05:43]} Bd5 {[%clk 0:40:47]} 22. h3 {[%clk 0:05:14]} Ra8 {[%clk 0:38:52]} 23.
Bd4 {[%clk 0:05:04]} Nfd7 {[%clk 0:37:25]} 24. Ne5 {[%clk 0:03:49]} Bxg2 {[%clk
0:34:48]} 25. Kxg2 {[%clk 0:03:55]} Nxe5 {[%clk 0:35:09]} 26. Bxb6 {[%clk
0:04:16]} a6 {[%clk 0:35:11]} 27. Bc5 {[%clk 0:03:32]} a5 {[%clk 0:31:36]} 28.
Ra4 {[%clk 0:03:18]} f6 {[%clk 0:28:06]} 29. Bb4 {[%clk 0:02:46]} Nc6 {[%clk
0:28:14]} 30. Bc3 {[%clk 0:03:10]} Ra6 {[%clk 0:26:28]} 31. Kf3 {[%clk
0:03:24]} Kf7 {[%clk 0:26:48]} 32. Ke4 {[%clk 0:03:34]} Ke7 {[%clk 0:26:57]}
33. Kd3 {[%clk 0:03:52]} Kd7 {[%clk 0:26:04]} 34. Kc4 {[%clk 0:03:54]} Ra8
{[%clk 0:21:10]} 35. Kc5 {[%clk 0:03:40]} Rb8 {[%clk 0:15:01]} 36. Ra1 {[%clk
0:02:20]} Ra8 {[%clk 0:10:01]} 37. Ra4 {[%clk 0:02:42]} Kc7 {[%clk 0:08:22]}
38. h4 {[%clk 0:01:26]} Rd8 {[%clk 0:05:58]} 39. Rg4 {[%clk 0:00:53]} Rd7
{[%clk 0:04:43]} 40. Kb5 {[%clk 0:01:15]} Kb7 {[%clk 0:03:25]} 41. Ka4 {[%clk
0:01:26]} Kb6 {[%clk 0:01:30]} 42. Be1 {[%clk 0:26:19]} h5 {[%clk 0:25:53]} 43.
Rc4 {[%clk 0:22:50]} Rd5 {[%clk 0:25:48]} 44. Rc2 {[%clk 0:20:54]} Rc5 {[%clk
0:15:22]} 45. Rb2+ {[%clk 0:19:36]} Ka6 {[%clk 0:15:19]} 46. Rb1 {[%clk
0:19:11]} Rd5 {[%clk 0:13:01]} 47. Rc1 {[%clk 0:18:20]} Kb6 {[%clk 0:12:12]}
48. Rb1+ {[%clk 0:18:44]} Ka7 {[%clk 0:09:20]} 49. Rc1 {[%clk 0:18:38]} 1/2-1/2

[Event "Deutsche Ländermeisterschaft 2017"]
[Site "Hannover GER"]
[Date "2017.10.02"]
[Round "4"]
[White "Reitz, Theresa"]
[Black "Doll, Rebecca"]
[Result "1-0"]
[Termination "normal"]
[Board "6.7"]
[WhiteElo "1730"]
[BlackElo "1589"]
[WhiteClock "00:22:53"]
[BlackClock "01:09:50"]
[WhiteTeam "Rheinland-Pfalz"]
[BlackTeam "Baden 2"]
[PlyCount "89"]
[WhiteFideId "12971901"]
[BlackFideId "16236890"]
[EventCountry "GER"]
[EventRounds "7"]
[EventType "team-swiss"]
[EventDate "2017.09.29"]

1. c4 {[%clk 1:30:56]} e6 {[%clk 1:30:56]} 2. Nc3 {[%clk 1:31:17]} d5 {[%clk
1:31:18]} 3. d4 {[%clk 1:31:41]} Nf6 {[%clk 1:31:44]} 4. cxd5 {[%clk 1:32:01]}
exd5 {[%clk 1:32:08]} 5. Bg5 {[%clk 1:32:14]} Nbd7 {[%clk 1:32:22]} 6. e3
{[%clk 1:31:37]} c6 {[%clk 1:32:47]} 7. Bd3 {[%clk 1:31:40]} Be7 {[%clk
1:33:05]} 8. Nf3 {[%clk 1:31:19]} O-O {[%clk 1:33:23]} 9. Qc2 {[%clk 1:31:32]}
Re8 {[%clk 1:33:37]} 10. h3 {[%clk 1:31:53]} Nf8 {[%clk 1:33:23]} 11. g4 {[%clk
1:31:44]} Ne4 {[%clk 1:32:35]} 12. Bf4 {[%clk 1:26:20]} Bb4 {[%clk 1:30:19]}
13. Ne5 {[%clk 1:10:38]} Qa5 {[%clk 1:27:54]} 14. Bxe4 {[%clk 1:02:58]} dxe4
{[%clk 1:27:59]} 15. O-O {[%clk 1:02:24]} f5 {[%clk 1:26:44]} 16. gxf5 {[%clk
0:56:43]} Bxf5 {[%clk 1:23:54]} 17. Kh2 {[%clk 0:48:44]} Ng6 {[%clk 1:12:22]}
18. f3 {[%clk 0:39:56]} Nxf4 {[%clk 1:06:02]} 19. exf4 {[%clk 0:40:05]} Bxc3
{[%clk 1:05:16]} 20. bxc3 {[%clk 0:38:52]} Qd5 {[%clk 1:04:28]} 21. Rg1 {[%clk
0:31:44]} Rf8 {[%clk 0:58:21]} 22. Rg5 {[%clk 0:25:54]} Qe6 {[%clk 0:57:20]}
23. fxe4 {[%clk 0:24:06]} Bxh3 {[%clk 0:57:33]} 24. Qd3 {[%clk 0:11:43]} Rxf4
{[%clk 0:54:32]} 25. Qxh3 {[%clk 0:10:49]} Qxh3+ {[%clk 0:53:42]} 26. Kxh3
{[%clk 0:11:18]} Rxe4 {[%clk 0:53:53]} 27. Rg3 {[%clk 0:09:47]} c5 {[%clk
0:53:49]} 28. Nd7 {[%clk 0:10:01]} Re2 {[%clk 0:52:19]} 29. Nxc5 b6 {[%clk
0:52:38]} 30. Nd7 {[%clk 0:09:04]} Rd8 {[%clk 0:52:07]} 31. Ne5 {[%clk
0:08:40]} Rc8 {[%clk 0:51:28]} 32. Rag1 {[%clk 0:06:26]} Rc7 {[%clk 0:51:07]}
33. R1g2 {[%clk 0:06:02]} Re1 {[%clk 0:51:15]} 34. Rf2 {[%clk 0:05:48]} Rh1+
{[%clk 0:50:54]} 35. Kg2 {[%clk 0:06:05]} Rc1 {[%clk 0:51:03]} 36. Rgf3 {[%clk
0:06:20]} h6 {[%clk 0:50:40]} 37. c4 {[%clk 0:05:53]} Rd1 {[%clk 0:50:09]} 38.
Rf8+ {[%clk 0:05:38]} Kh7 {[%clk 0:50:31]} 39. Rd8 {[%clk 0:05:44]} Re7 {[%clk
0:49:21]} 40. Rff8 {[%clk 0:04:32]} g5 {[%clk 0:45:55]} 41. Kf3 {[%clk
0:26:13]} Rf1+ {[%clk 1:12:40]} 42. Ke4 {[%clk 0:26:01]} Re1+ {[%clk 1:12:03]}
43. Kd5 {[%clk 0:25:34]} g4 {[%clk 1:10:27]} 44. Kd6 {[%clk 0:23:16]} Rb7
{[%clk 1:09:50]} 45. Ke6 {[%clk 0:22:53]} 1-0

[Event "Deutsche Ländermeisterschaft 2017"]
[Site "Hannover GER"]
[Date "2017.10.02"]
[Round "4"]
[White "Stillbauer, Jan"]
[Black "Kalina, Lena"]
[Result "1/2-1/2"]
[Termination "normal"]
[Board "6.8"]
[WhiteElo "1570"]
[BlackElo "1402"]
[WhiteClock "01:00:10"]
[BlackClock "00:07:55"]
[WhiteTeam "Baden 2"]
[BlackTeam "Rheinland-Pfalz"]
[PlyCount "110"]
[WhiteFideId "16239393"]
[BlackFideId "12988014"]
[EventCountry "GER"]
[EventRounds "7"]
[EventType "team-swiss"]
[EventDate "2017.09.29"]

1. e4 {[%clk 1:30:53]} c5 {[%clk 1:30:50]} 2. Nf3 {[%clk 1:31:02]} Nc6 {[%clk
1:31:05]} 3. d4 {[%clk 1:31:22]} cxd4 {[%clk 1:31:21]} 4. Nxd4 {[%clk 1:31:46]}
g6 {[%clk 1:31:38]} 5. c4 {[%clk 1:31:27]} Nf6 {[%clk 1:31:51]} 6. Nc3 {[%clk
1:31:29]} d6 {[%clk 1:32:08]} 7. Be2 {[%clk 1:30:53]} Nxd4 {[%clk 1:32:17]} 8.
Qxd4 {[%clk 1:30:54]} Bg7 {[%clk 1:32:11]} 9. Be3 {[%clk 1:30:17]} O-O {[%clk
1:31:25]} 10. Qd2 {[%clk 1:28:37]} a5 {[%clk 1:29:34]} 11. O-O {[%clk 1:27:27]}
a4 {[%clk 1:29:09]} 12. a3 {[%clk 1:26:08]} Qa5 {[%clk 1:27:42]} 13. Bh6 {[%clk
1:17:56]} Be6 {[%clk 1:25:19]} 14. Bxg7 {[%clk 1:16:56]} Kxg7 {[%clk 1:24:54]}
15. Rfd1 {[%clk 1:16:41]} Rfc8 {[%clk 1:23:09]} 16. Nd5 {[%clk 1:09:57]} Qxd2
{[%clk 1:19:09]} 17. Rxd2 {[%clk 1:10:06]} Nxe4 {[%clk 1:18:32]} 18. Rdd1
{[%clk 1:06:27]} Bxd5 {[%clk 1:16:41]} 19. Rxd5 {[%clk 1:05:06]} Nc5 {[%clk
1:11:18]} 20. Rad1 {[%clk 1:04:45]} Nb3 {[%clk 1:06:39]} 21. h4 {[%clk
1:03:28]} Rc5 {[%clk 1:01:02]} 22. Rxc5 {[%clk 1:03:16]} Nxc5 {[%clk 1:00:28]}
23. Rd5 {[%clk 1:03:27]} Rc8 {[%clk 0:58:20]} 24. h5 {[%clk 1:02:18]} b6 {[%clk
0:52:52]} 25. hxg6 {[%clk 1:00:15]} hxg6 {[%clk 0:52:39]} 26. f4 {[%clk
0:59:50]} Ne6 {[%clk 0:51:33]} 27. g3 {[%clk 0:59:21]} Rc5 {[%clk 0:49:56]} 28.
Kf2 {[%clk 0:57:45]} g5 {[%clk 0:31:40]} 29. f5 {[%clk 0:56:15]} Rxd5 {[%clk
0:31:24]} 30. cxd5 {[%clk 0:56:18]} Nc5 {[%clk 0:31:08]} 31. Ke3 {[%clk
0:55:46]} Kf6 {[%clk 0:30:06]} 32. g4 {[%clk 0:53:34]} Ke5 {[%clk 0:28:56]} 33.
Bf3 {[%clk 0:48:56]} e6 {[%clk 0:26:45]} 34. dxe6 {[%clk 0:48:37]} fxe6 {[%clk
0:26:58]} 35. fxe6 {[%clk 0:49:00]} Nxe6 {[%clk 0:26:50]} 36. Bd1 {[%clk
0:46:20]} Nc5 {[%clk 0:24:14]} 37. Bc2 {[%clk 0:46:21]} d5 {[%clk 0:23:00]} 38.
Bd1 {[%clk 0:44:57]} d4+ {[%clk 0:21:37]} 39. Ke2 {[%clk 0:42:37]} Ke4 {[%clk
0:19:48]} 40. Kd2 {[%clk 0:40:39]} Nb3+ {[%clk 0:17:32]} 41. Ke2 {[%clk
0:38:12]} d3+ {[%clk 0:16:31]} 42. Kf2 {[%clk 0:37:58]} b5 {[%clk 0:15:09]} 43.
Bf3+ {[%clk 0:37:23]} Kd4 {[%clk 0:14:24]} 44. Bc6 {[%clk 0:36:22]} Kc4 {[%clk
0:12:17]} 45. Ke3 {[%clk 0:35:32]} d2 {[%clk 0:12:06]} 46. Bf3 {[%clk 0:35:36]}
b4 {[%clk 0:09:43]} 47. axb4 {[%clk 0:33:58]} Kxb4 {[%clk 0:09:27]} 48. Be2
{[%clk 0:33:56]} Kc5 {[%clk 0:04:11]} 49. Bd1 {[%clk 0:32:52]} Kc4 {[%clk
0:02:35]} 50. Bf3 {[%clk 0:31:26]} Nd4 {[%clk 0:28:01]} 51. Bd1 {[%clk
1:01:46]} Nb3 {[%clk 0:26:59]} 52. Be2+ {[%clk 1:01:41]} Kd5 {[%clk 0:27:09]}
53. Bd1 {[%clk 1:01:03]} Ke5 {[%clk 0:24:38]} 54. Bc2 {[%clk 1:00:25]} Kd5
{[%clk 0:17:58]} 55. Bd1 {[%clk 1:00:10]} Kc4 {[%clk 0:07:55]} 1/2-1/2

[Event "Deutsche Ländermeisterschaft 2017"]
[Site "Hannover GER"]
[Date "2017.10.02"]
[Round "4"]
[White "Bethke, Richard"]
[Black "Niermann, Tristan"]
[Result "0-1"]
[Termination "normal"]
[Board "7.1"]
[WhiteElo "2153"]
[BlackElo "2277"]
[WhiteTeam "Hessen"]
[BlackTeam "Nordrhein-Westfalen"]
[PlyCount "104"]
[WhiteFideId "12959243"]
[BlackFideId "12990698"]
[EventCountry "GER"]
[EventRounds "7"]
[EventType "team-swiss"]
[EventDate "2017.09.29"]

1. e4 e5 2. Nf3 Nc6 3. Bc4 Bc5 4. c3 Nf6 5. d3 a6 6. Bb3 Ba7 7. Nbd2 O-O 8. O-O
d6 9. Re1 Ng4 10. Re2 Kh8 11. h3 Nh6 12. Nf1 f5 13. Bc2 fxe4 14. Rxe4 Bf5 15.
Bg5 Qe8 16. Rh4 Nf7 17. Ng3 Nxg5 18. Nxg5 Qe7 19. Nf3 Bg6 20. Rg4 d5 21. Qe2
Rae8 22. Re1 Qd6 23. h4 Qe6 24. Ra4 h6 25. Bb3 Qd6 26. h5 Bh7 27. Rg4 Re7 28.
Bc2 Rf4 29. Rh4 Qf6 30. Rh3 e4 31. dxe4 dxe4 32. Nxe4 Bxe4 33. Bxe4 Rfxe4 34.
Qxe4 Rxe4 35. Rxe4 Qd6 36. Rhh4 Qd1+ 37. Re1 Qc2 38. Kh2 Bxf2 39. Re8+ Kh7 40.
Rf4 Bc5 41. Rfe4 Bd6+ 42. Kh1 Bg3 43. Re2 Qd1+ 44. Ng1 Qd5 45. R8e3 Qxh5+ 46.
Nh3 Bd6 47. b4 Ne5 48. a4 Ng4 49. Re4 Qf5 50. Re1 Bg3 51. Rxg4 Qxg4 52. Ra1 Be5
0-1